| 000 | 00485pam a2200181 a 4500 | ||
|---|---|---|---|
| 020 |
_a3131319518 _c9762.60 |
||
| 041 |
_aeng _hNULL |
||
| 082 |
_a618.190754 _bHAS/BAU |
||
| 100 | _aHASHIMOTO, B . | ||
| 245 |
_aBREAST IMAGING A CORRELATIVE ATLAS / _cNULL. _hTextual Documents |
||
| 260 |
_aNULL : _bTHIEME , _c2003. |
||
| 300 |
_a536 : _bXXLL ; _cA4 . |
||
| 365 | _a9762.60 | ||
| 700 | _aBAUERMEIESTER, D . | ||
| 930 | _a1611 | ||
| 999 |
_c796147 _d796147 |
||
| 650 | _aOBST.GYNE | ||